000 00550nam a2200217Ia 4500
003 OSt
005 20220923230711.0
006 a|||||r|||| 00| 0
007 ta
008 Pun
024 _a304,845
037 _cTextual
040 _aARTS
_cARTS
_bPun
041 _2Pun
_aPun
082 _aV2(Q8441):4.N5, 153K6
245 0 _aਸਿੱਖ ਬੀਰਤਾ ਦੇ ਚਿੱਤਰ
260 _c1966
650 _aਭਾਰਤੀਯ ਇਤਿਹਾਸ
942 _hV2(Q8441):4.N5, 153K6
_cTEXL
_2CC
999 _c386652
_d386652